| 000 | 00422cam a22001097a 4500 | ||
|---|---|---|---|
| 008 | 180718b1969 xxu||||| |||| 00| 0 eng d | ||
| 082 | _aR06x54 In2ag 2 | ||
| 245 |
_aNational commission on labour : analysis of replies to commission's questionnaire _cby National Commission On Labour |
||
| 260 |
_aNew Delhi _bTrade Unions and Employer's Organisations _c1969 |
||
| 300 | _a388p. | ||
| 700 | _aIndia. National Commission On Labour | ||
| 999 |
_c496023 _d496023 |
||